| 000 | 00432nam a2200169Ia 4500 | ||
|---|---|---|---|
| 008 | 230917s9999||||xx |||||||||||||| ||und|| | ||
| 020 | _cRS 1800.00 | ||
| 040 |
_e5013069 _aMAIN |
||
| 041 | _aEnglish | ||
| 082 | _a301.35 S23R | ||
| 100 | _aSharad Singh | ||
| 245 | 0 | _aRural sociology | |
| 260 |
_aNew Delhi _bABD Publishers _c2022 |
||
| 300 | _a296 p. | ||
| 500 | _a4804 16/12/2022 OBC22/9673 19/12/2022 Main Budget | ||
| 942 | _cBK | ||
| 999 |
_c7276 _d7276 |
||